000 00650cam a22001934a 4500
005 20250605164159.0
008 250528s ||||||||||||||||||||||||d
035 _a19710
020 _a960120265Χ
040 _aGR-AtMCL
_bgre
_dGR-AtMCL
_eAACR2
245 1 _aΕΙΣΑΓΩΓΗ ΣΤΗ ΒΑΣΙΚΗ ΘΕΩΡΙΑ ΤΟΥ ΗΛΕΚΤΡΟΜΑΓΝΗΤΙΚΟΥ ΠΕΔΙΟΥ ΤΟΜΟΣ Γ ΔΙΑΔΟΣΗ ΗΛΕΚΤΡΟΜΑΓΝΗΤΙΚΟΥ ΚΥΜΑΤΟΣ
250 _a2
260 _bUniversity Studio Press,
_c2000
300 _a380
700 1 _aΤσιμπουκης Θεοδωρος Δ
_95911
942 _cBK
999 _c4966
_d4966